[Event "European Women's Chess Club Cup 2023"]
[Site "Durres, Albania"]
[Date "2023.10.05"]
[Round "5.25"]
[White "Houska, Jovanka"]
[Black "Dolgova, Olga"]
[Result "1-0"]
[TimeControl "90' + 30' & 30\""]
[WhiteElo "2340"]
[BlackElo "2242"]

1. d4 {[%clk 01:30:53]} {[%emt 00:00:07]} d5 {[%clk 01:30:33]} {[%emt
00:00:27]} 2. c4 {[%clk 01:30:56]} {[%emt 00:00:27]} c6 {[%clk 01:29:51]}
{[%emt 00:01:13]} 3. Nf3 {[%clk 01:31:03]} {[%emt 00:00:23]} Nf6 {[%clk
01:30:14]} {[%emt 00:00:06]} 4. e3 {[%clk 01:31:29]} {[%emt 00:00:04]} e6
{[%clk 01:29:03]} {[%emt 00:01:41]} 5. Qc2 {[%clk 01:30:39]} {[%emt 00:01:21]}
Be7 {[%clk 01:24:42]} {[%emt 00:04:51]} 6. Nbd2 {[%clk 01:29:58]} {[%emt
00:01:11]} Nbd7 {[%clk 01:22:54]} {[%emt 00:02:17]} 7. Bd3 {[%clk 01:29:05]}
{[%emt 00:01:24]} h6 {[%clk 01:11:23]} {[%emt 00:12:00]} 8. O-O {[%clk
01:22:53]} {[%emt 00:06:41]} O-O {[%clk 01:08:52]} {[%emt 00:03:02]} 9. b3
{[%clk 01:21:00]} {[%emt 00:02:24]} c5 {[%clk 01:02:26]} {[%emt 00:06:56]} 10.
Bb2 {[%clk 01:14:18]} {[%emt 00:07:12]} b6 {[%clk 00:58:52]} {[%emt 00:04:04]}
11. e4 {[%clk 01:08:26]} {[%emt 00:06:22]} dxe4 {[%clk 00:49:57]} {[%emt
00:09:24]} 12. Nxe4 {[%clk 01:07:04]} {[%emt 00:01:52]} Bb7 {[%clk 00:48:52]}
{[%emt 00:01:36]} 13. Rad1 {[%clk 01:06:48]} {[%emt 00:00:45]} Qc7 {[%clk
00:46:50]} {[%emt 00:02:33]} 14. dxc5 {[%clk 01:01:58]} {[%emt 00:05:19]} bxc5
{[%clk 00:38:47]} {[%emt 00:08:33]} 15. Rfe1 {[%clk 00:38:46]} {[%emt
00:23:42]} Nxe4 {[%clk 00:30:22]} {[%emt 00:08:55]} 16. Bxe4 {[%clk 00:36:27]}
{[%emt 00:02:50]} Bxe4 {[%clk 00:27:10]} {[%emt 00:03:42]} 17. Qxe4 {[%clk
00:33:11]} {[%emt 00:03:45]} Bf6 {[%clk 00:26:17]} {[%emt 00:01:23]} 18. Bc1
{[%clk 00:20:36]} {[%emt 00:13:05]} Rad8 {[%clk 00:21:06]} {[%emt 00:05:41]} 19.
Bf4 {[%clk 00:20:32]} {[%emt 00:00:35]} Qc8 {[%clk 00:16:25]} {[%emt 00:05:10]}
20. Bd6 {[%clk 00:16:38]} {[%emt 00:04:24]} Rfe8 {[%clk 00:16:23]} {[%emt
00:00:33]} 21. Rd3 {[%clk 00:16:36]} {[%emt 00:00:32]} Be7 {[%clk 00:11:51]}
{[%emt 00:05:01]} 22. Bxe7 {[%clk 00:16:43]} {[%emt 00:00:23]} Rxe7 {[%clk
00:12:17]} {[%emt 00:00:05]} 23. Red1 {[%clk 00:17:07]} {[%emt 00:00:06]} Rde8
{[%clk 00:11:46]} {[%emt 00:01:00]} 24. Ne5 {[%clk 00:14:38]} {[%emt 00:02:59]}
Nxe5 {[%clk 00:10:45]} {[%emt 00:01:31]} 25. Qxe5 {[%clk 00:15:04]} {[%emt
00:00:04]} f6 {[%clk 00:08:49]} {[%emt 00:02:26]} 26. Qe3 {[%clk 00:14:58]}
{[%emt 00:00:37]} Qc7 {[%clk 00:07:27]} {[%emt 00:01:52]} 27. h4 {[%clk
00:14:09]} {[%emt 00:01:19]} Qa5 {[%clk 00:05:53]} {[%emt 00:02:04]} 28. R1d2
{[%clk 00:13:32]} {[%emt 00:01:07]} Qc7 {[%clk 00:06:16]} {[%emt 00:00:07]} 29.
Rd6 {[%clk 00:12:06]} {[%emt 00:01:55]} Kf7 {[%clk 00:04:38]} {[%emt 00:02:08]}
30. h5 {[%clk 00:11:33]} {[%emt 00:01:04]} Kg8 {[%clk 00:04:29]} {[%emt
00:00:38]} 31. Qe4 {[%clk 00:09:16]} {[%emt 00:02:47]} a5 {[%clk 00:04:01]}
{[%emt 00:00:59]} 32. a4 {[%clk 00:02:27]} {[%emt 00:07:19]} Qb7 {[%clk
00:02:37]} {[%emt 00:01:53]} 33. Qe3 {[%clk 00:02:49]} {[%emt 00:00:08]} Qc7
{[%clk 00:02:49]} {[%emt 00:00:19]} 34. R2d3 {[%clk 00:03:16]} {[%emt
00:00:03]} Kf7 {[%clk 00:02:27]} {[%emt 00:00:52]} 35. Qe4 {[%clk 00:01:29]}
{[%emt 00:02:16]} Kg8 {[%clk 00:01:58]} {[%emt 00:00:59]} 36. g3 {[%clk
00:01:18]} {[%emt 00:00:41]} Qc8 {[%clk 00:01:49]} {[%emt 00:00:39]} 37. Kh2
{[%clk 00:00:40]} {[%emt 00:01:08]} Qc7 {[%clk 00:02:09]} {[%emt 00:00:10]} 38.
Qc6 {[%clk 00:01:01]} {[%emt 00:00:09]} Qa7 {[%clk 00:02:15]} {[%emt 00:00:24]}
39. Rd7 {[%clk 00:01:18]} {[%emt 00:00:13]} Rxd7 {[%clk 00:01:17]} {[%emt
00:01:28]} 40. Rxd7 {[%clk 00:01:44]} {[%emt 00:00:05]} Qb8 {[%clk 00:01:28]}
{[%emt 00:00:18]} 41. Qxc5 {[%clk 00:01:00]} {[%emt 00:01:14]} Qxb3 {[%clk
00:27:54]} {[%emt 00:04:04]} 42. Qa7 {[%clk 00:31:19]} {[%emt 00:00:11]} Qc2
{[%clk 00:27:45]} {[%emt 00:00:39]} 43. Rxg7+ {[%clk 00:31:43]} {[%emt
00:00:06]} Kh8 {[%clk 00:28:14]} {[%emt 00:00:01]} 44. Rg6 {[%clk 00:31:59]}
{[%emt 00:00:14]} Re7 {[%clk 00:27:28]} {[%emt 00:01:17]} 45. Qb8+ {[%clk
00:32:15]} {[%emt 00:00:14]} 1-0

[Event "European Women's Chess Club Cup 2023"]
[Site "Durres, Albania"]
[Date "2023.10.05"]
[Round "5.26"]
[White "Ni, Viktorija"]
[Black "Yao, Lan"]
[Result "0-1"]
[TimeControl "90' + 30' & 30\""]
[WhiteElo "2161"]
[BlackElo "2311"]

1. d4 {[%clk 01:30:53]} {[%emt 00:00:06]} Nf6 {[%clk 01:30:48]} {[%emt
00:00:13]} 2. c4 {[%clk 01:31:14]} {[%emt 00:00:09]} e6 {[%clk 01:31:05]}
{[%emt 00:00:13]} 3. Nf3 {[%clk 01:31:38]} {[%emt 00:00:06]} d5 {[%clk
01:31:28]} {[%emt 00:00:06]} 4. Nc3 {[%clk 01:31:14]} {[%emt 00:00:54]} Bb4
{[%clk 01:31:47]} {[%emt 00:00:12]} 5. Bg5 {[%clk 01:31:23]} {[%emt 00:00:21]}
Nbd7 {[%clk 01:32:06]} {[%emt 00:00:10]} 6. e3 {[%clk 01:29:46]} {[%emt
00:02:08]} c5 {[%clk 01:32:19]} {[%emt 00:00:16]} 7. Bd3 {[%clk 01:27:25]}
{[%emt 00:02:51]} Qa5 {[%clk 01:31:04]} {[%emt 00:01:45]} 8. O-O {[%clk
01:19:41]} {[%emt 00:08:15]} cxd4 {[%clk 01:25:53]} {[%emt 00:05:40]} 9. exd4
{[%clk 01:18:56]} {[%emt 00:01:16]} O-O {[%clk 01:20:12]} {[%emt 00:06:11]} 10.
Qc2 {[%clk 01:15:20]} {[%emt 00:04:06]} dxc4 {[%clk 01:18:43]} {[%emt
00:01:59]} 11. Bxc4 {[%clk 01:13:57]} {[%emt 00:01:52]} h6 {[%clk 01:15:47]}
{[%emt 00:03:28]} 12. Bh4 {[%clk 01:11:12]} {[%emt 00:03:13]} a6 {[%clk
01:07:26]} {[%emt 00:08:51]} 13. Ne4 {[%clk 01:07:17]} {[%emt 00:04:25]} b5
{[%clk 01:00:42]} {[%emt 00:07:15]} 14. Bd3 {[%clk 00:43:48]} {[%emt 00:23:58]}
Bb7 {[%clk 00:55:40]} {[%emt 00:05:32]} 15. Nxf6+ {[%clk 00:31:47]} {[%emt
00:12:31]} Nxf6 {[%clk 00:55:57]} {[%emt 00:00:13]} 16. Bxf6 {[%clk 00:23:04]}
{[%emt 00:09:13]} gxf6 {[%clk 00:56:24]} {[%emt 00:00:03]} 17. Be4 {[%clk
00:21:57]} {[%emt 00:01:37]} Rac8 {[%clk 00:52:42]} {[%emt 00:04:12]} 18. Qe2
{[%clk 00:22:15]} {[%emt 00:00:13]} Qc7 {[%clk 00:50:52]} {[%emt 00:02:18]} 19.
Rad1 {[%clk 00:21:24]} {[%emt 00:01:22]} Bxe4 {[%clk 00:45:06]} {[%emt
00:06:16]} 20. Qxe4 {[%clk 00:21:51]} {[%emt 00:00:04]} Qc2 {[%clk 00:44:35]}
{[%emt 00:01:00]} 21. Rd3 {[%clk 00:13:35]} {[%emt 00:08:46]} f5 {[%clk
00:41:27]} {[%emt 00:03:39]} 22. Qe3 {[%clk 00:12:25]} {[%emt 00:01:40]} f4
{[%clk 00:30:33]} {[%emt 00:11:23]} 23. Qe4 {[%clk 00:12:33]} {[%emt 00:00:23]}
Bd6 {[%clk 00:29:25]} {[%emt 00:01:37]} 24. Ne1 {[%clk 00:03:57]} {[%emt
00:09:06]} Qc4 {[%clk 00:26:16]} {[%emt 00:03:39]} 25. Rh3 {[%clk 00:02:35]}
{[%emt 00:01:53]} Kg7 {[%clk 00:24:13]} {[%emt 00:02:32]} 26. b3 {[%clk
00:01:53]} {[%emt 00:01:12]} Qc6 {[%clk 00:22:26]} {[%emt 00:02:17]} 27. Qe2
{[%clk 00:01:56]} {[%emt 00:00:28]} Qd5 {[%clk 00:21:11]} {[%emt 00:01:44]} 28.
Qg4+ {[%clk 00:01:18]} {[%emt 00:01:08]} Qg5 {[%clk 00:21:05]} {[%emt
00:00:35]} 29. Qe2 {[%clk 00:01:41]} {[%emt 00:00:08]} Qg6 {[%clk 00:17:42]}
{[%emt 00:03:52]} 30. Nd3 {[%clk 00:00:56]} {[%emt 00:01:15]} Kh7 {[%clk
00:16:50]} {[%emt 00:01:24]} 31. Rf3 {[%clk 00:00:39]} {[%emt 00:00:46]} Rg8
{[%clk 00:08:03]} {[%emt 00:09:17]} 32. g3 {[%clk 00:00:40]} {[%emt 00:00:29]}
Qf5 {[%clk 00:08:04]} {[%emt 00:00:30]} 33. Re1 {[%clk 00:00:34]} {[%emt
00:00:35]} Rg6 {[%clk 00:06:19]} {[%emt 00:02:15]} 34. Qe4 {[%clk 00:00:38]}
{[%emt 00:00:26]} Qxe4 {[%clk 00:06:14]} {[%emt 00:00:35]} 35. Rxe4 {[%clk
00:01:06]} {[%emt 00:00:02]} fxg3 {[%clk 00:06:30]} {[%emt 00:00:14]} 36. fxg3
{[%clk 00:01:02]} {[%emt 00:00:34]} Kg8 {[%clk 00:05:15]} {[%emt 00:01:42]} 37.
Kf2 {[%clk 00:00:47]} {[%emt 00:00:48]} Rg5 {[%clk 00:04:29]} {[%emt 00:01:16]}
38. Re2 {[%clk 00:00:36]} {[%emt 00:00:41]} Rd5 {[%clk 00:04:07]} {[%emt
00:00:51]} 39. Ne5 {[%clk 00:00:32]} {[%emt 00:00:35]} Rc7 {[%clk 00:03:04]}
{[%emt 00:01:32]} 40. Rf4 {[%clk 00:00:35]} {[%emt 00:00:28]} Kg7 {[%clk
00:01:28]} {[%emt 00:02:06]} 41. Rg4+ {[%clk 00:29:20]} {[%emt 00:01:46]} Kh7
{[%clk 00:31:11]} {[%emt 00:00:45]} 42. Nf3 {[%clk 00:21:36]} {[%emt 00:08:15]}
Rc3 {[%clk 00:26:46]} {[%emt 00:04:55]} 43. Rge4 {[%clk 00:20:05]} {[%emt
00:02:01]} Ba3 {[%clk 00:25:19]} {[%emt 00:01:57]} 44. Rf4 {[%clk 00:14:21]}
{[%emt 00:06:13]} Kg7 {[%clk 00:24:31]} {[%emt 00:01:18]} 45. Rg4+ {[%clk
00:14:25]} {[%emt 00:00:27]} Kf8 {[%clk 00:23:58]} {[%emt 00:01:03]} 46. Rf4
{[%clk 00:14:16]} {[%emt 00:00:38]} Bc1 {[%clk 00:23:33]} {[%emt 00:00:56]} 47.
Nd2 {[%clk 00:04:59]} {[%emt 00:09:47]} Rc2 {[%clk 00:22:33]} {[%emt 00:01:29]}
48. Ke1 {[%clk 00:04:31]} {[%emt 00:00:59]} Rxa2 {[%clk 00:22:02]} {[%emt
00:01:01]} 49. Rh4 {[%clk 00:03:54]} {[%emt 00:01:08]} Kg7 {[%clk 00:12:34]}
{[%emt 00:09:57]} 50. Rg4+ {[%clk 00:03:53]} {[%emt 00:00:31]} Kf8 {[%clk
00:12:39]} {[%emt 00:00:25]} 51. Rh4 {[%clk 00:04:09]} {[%emt 00:00:14]} Ra1
{[%clk 00:12:24]} {[%emt 00:00:45]} 52. Kf2 {[%clk 00:03:44]} {[%emt 00:00:55]}
Rf5+ {[%clk 00:12:40]} {[%emt 00:00:14]} 53. Nf3 {[%clk 00:02:09]} {[%emt
00:02:06]} Ra3 {[%clk 00:12:22]} {[%emt 00:00:46]} 54. Kg2 {[%clk 00:01:08]}
{[%emt 00:01:32]} Rxb3 {[%clk 00:12:35]} {[%emt 00:00:17]} 55. Ne5 {[%clk
00:01:27]} {[%emt 00:00:11]} Rb2 {[%clk 00:10:45]} {[%emt 00:02:20]} 56. Rhe4
{[%clk 00:00:35]} {[%emt 00:01:23]} Ke7 {[%clk 00:07:38]} {[%emt 00:03:36]} 57.
g4 {[%clk 00:01:00]} {[%emt 00:00:06]} Rf4 {[%clk 00:05:58]} {[%emt 00:02:09]}
58. Rxb2 {[%clk 00:00:54]} {[%emt 00:00:36]} Rxe4 {[%clk 00:06:24]} {[%emt
00:00:04]} 59. Rc2 {[%clk 00:01:17]} {[%emt 00:00:07]} Bg5 {[%clk 00:05:58]}
{[%emt 00:00:56]} 60. Rc7+ {[%clk 00:01:30]} {[%emt 00:00:17]} Kd8 {[%clk
00:06:01]} {[%emt 00:00:26]} 61. Ra7 {[%clk 00:00:42]} {[%emt 00:01:18]} Kc8
{[%clk 00:05:45]} {[%emt 00:00:45]} 62. Rxa6 {[%clk 00:00:34]} {[%emt
00:00:40]} Rxd4 {[%clk 00:05:44]} {[%emt 00:00:32]} 63. h3 {[%clk 00:00:31]}
{[%emt 00:00:33]} Kb7 {[%clk 00:05:19]} {[%emt 00:00:54]} 64. Ra5 {[%clk
00:00:51]} {[%emt 00:00:11]} Kb6 {[%clk 00:05:16]} {[%emt 00:00:32]} 65. Ra8
{[%clk 00:01:08]} {[%emt 00:00:13]} f6 {[%clk 00:04:55]} {[%emt 00:00:51]} 66.
Nf3 {[%clk 00:01:23]} {[%emt 00:00:15]} Rd6 {[%clk 00:04:35]} {[%emt 00:00:49]}
67. h4 {[%clk 00:00:46]} {[%emt 00:01:08]} Bf4 {[%clk 00:04:51]} {[%emt
00:00:13]} 68. h5 {[%clk 00:00:41]} {[%emt 00:00:36]} b4 {[%clk 00:05:03]}
{[%emt 00:00:18]} 69. Rf8 {[%clk 00:00:40]} {[%emt 00:00:30]} e5 {[%clk
00:05:09]} {[%emt 00:00:25]} 70. Nh4 {[%clk 00:00:46]} {[%emt 00:00:24]} Kb5
{[%clk 00:05:16]} {[%emt 00:00:22]} 71. Nf5 {[%clk 00:00:40]} {[%emt 00:00:38]}
Rb6 {[%clk 00:05:34]} {[%emt 00:00:11]} 72. Ne7 {[%clk 00:00:36]} {[%emt
00:00:34]} b3 {[%clk 00:05:55]} {[%emt 00:00:09]} 73. Nd5 {[%clk 00:00:35]}
{[%emt 00:00:30]} b2 {[%clk 00:05:42]} {[%emt 00:00:43]} 74. Nc3+ {[%clk
00:00:32]} {[%emt 00:00:34]} Kb4 {[%clk 00:05:18]} {[%emt 00:00:52]} 75. Nb1
{[%clk 00:00:36]} {[%emt 00:00:28]} Kb3 {[%clk 00:05:13]} {[%emt 00:00:35]} 76.
Kf3 {[%clk 00:00:53]} {[%emt 00:00:14]} Rc6 {[%clk 00:04:55]} {[%emt 00:00:48]}
77. Ra8 {[%clk 00:00:32]} {[%emt 00:00:50]} Rc1 {[%clk 00:04:43]} {[%emt
00:00:42]} 78. Na3 {[%clk 00:00:34]} {[%emt 00:00:28]} Ra1 {[%clk 00:04:50]}
{[%emt 00:00:23]} 0-1

[Event "European Women's Chess Club Cup 2023"]
[Site "Durres, Albania"]
[Date "2023.10.05"]
[Round "5.27"]
[White "Hunt, Harriet V"]
[Black "Nilssen, Ellen Fredericia"]
[Result "1/2-1/2"]
[TimeControl "90' + 30' & 30\""]
[WhiteElo "2316"]
[BlackElo "2161"]

1. e4 {[%clk 01:30:58]} {[%emt 00:00:02]} e6 {[%clk 01:30:45]} {[%emt
00:00:14]} 2. Qe2 {[%clk 01:31:09]} {[%emt 00:00:20]} c5 {[%clk 01:30:45]}
{[%emt 00:00:30]} 3. Nf3 {[%clk 01:31:28]} {[%emt 00:00:12]} Nc6 {[%clk
01:31:05]} {[%emt 00:00:09]} 4. g3 {[%clk 01:31:45]} {[%emt 00:00:14]} e5
{[%clk 01:31:26]} {[%emt 00:00:08]} 5. Bg2 {[%clk 01:31:08]} {[%emt 00:01:07]}
Nf6 {[%clk 01:31:43]} {[%emt 00:00:13]} 6. O-O {[%clk 01:30:42]} {[%emt
00:00:56]} Be7 {[%clk 01:32:06]} {[%emt 00:00:06]} 7. c3 {[%clk 01:30:22]}
{[%emt 00:00:52]} O-O {[%clk 01:32:26]} {[%emt 00:00:09]} 8. Na3 {[%clk
01:30:00]} {[%emt 00:00:53]} Re8 {[%clk 01:32:43]} {[%emt 00:00:11]} 9. d3
{[%clk 01:28:50]} {[%emt 00:01:41]} h6 {[%clk 01:33:06]} {[%emt 00:00:07]} 10.
Nc4 {[%clk 01:25:48]} {[%emt 00:03:33]} Bf8 {[%clk 01:33:25]} {[%emt 00:00:09]}
11. a4 {[%clk 01:23:16]} {[%emt 00:03:04]} d6 {[%clk 01:33:46]} {[%emt
00:00:08]} 12. Re1 {[%clk 01:17:26]} {[%emt 00:06:21]} Be6 {[%clk 01:33:41]}
{[%emt 00:00:33]} 13. Bd2 {[%clk 01:10:47]} {[%emt 00:07:10]} a6 {[%clk
01:28:50]} {[%emt 00:05:21]} 14. Nh4 {[%clk 00:55:53]} {[%emt 00:15:24]} b5
{[%clk 01:21:13]} {[%emt 00:08:07]} 15. Ne3 {[%clk 00:55:27]} {[%emt 00:00:56]}
Na5 {[%clk 01:06:34]} {[%emt 00:15:08]} 16. axb5 {[%clk 00:49:05]} {[%emt
00:06:53]} axb5 {[%clk 01:06:40]} {[%emt 00:00:23]} 17. Nd5 {[%clk 00:47:05]}
{[%emt 00:02:32]} Bxd5 {[%clk 00:55:01]} {[%emt 00:12:09]} 18. exd5 {[%clk
00:47:24]} {[%emt 00:00:11]} Nb3 {[%clk 00:55:26]} {[%emt 00:00:04]} 19. Rxa8
{[%clk 00:45:14]} {[%emt 00:02:40]} Qxa8 {[%clk 00:55:49]} {[%emt 00:00:06]} 20.
Be3 {[%clk 00:44:26]} {[%emt 00:01:19]} Qa2 {[%clk 00:54:15]} {[%emt 00:02:04]}
21. h3 {[%clk 00:37:52]} {[%emt 00:07:04]} Rb8 {[%clk 00:45:45]} {[%emt
00:09:00]} 22. Nf5 {[%clk 00:35:34]} {[%emt 00:02:48]} b4 {[%clk 00:42:07]}
{[%emt 00:04:07]} 23. g4 {[%clk 00:32:08]} {[%emt 00:03:57]} Na1 {[%clk
00:33:29]} {[%emt 00:09:08]} 24. c4 {[%clk 00:24:43]} {[%emt 00:07:56]} Nb3
{[%clk 00:22:14]} {[%emt 00:11:44]} 25. g5 {[%clk 00:23:22]} {[%emt 00:01:52]}
hxg5 {[%clk 00:22:15]} {[%emt 00:00:28]} 26. Bxg5 {[%clk 00:23:45]} {[%emt
00:00:07]} Nh7 {[%clk 00:21:42]} {[%emt 00:01:01]} 27. Ne7+ {[%clk 00:18:36]}
{[%emt 00:05:41]} Bxe7 {[%clk 00:20:59]} {[%emt 00:01:13]} 28. Bxe7 {[%clk
00:19:01]} {[%emt 00:00:06]} Nd4 {[%clk 00:21:12]} {[%emt 00:00:15]} 29. Qh5
{[%clk 00:18:35]} {[%emt 00:00:57]} g6 {[%clk 00:20:15]} {[%emt 00:01:27]} 30.
Qg4 {[%clk 00:14:14]} {[%emt 00:04:51]} Nf5 {[%clk 00:19:56]} {[%emt 00:00:49]}
31. Bg5 {[%clk 00:13:41]} {[%emt 00:01:03]} Nxg5 {[%clk 00:17:34]} {[%emt
00:02:52]} 32. Qxg5 {[%clk 00:14:07]} {[%emt 00:00:04]} Qxb2 {[%clk 00:17:18]}
{[%emt 00:00:45]} 33. Be4 {[%clk 00:14:22]} {[%emt 00:00:16]} Ng7 {[%clk
00:16:01]} {[%emt 00:01:46]} 34. Qe7 {[%clk 00:13:41]} {[%emt 00:01:12]} Qd2
{[%clk 00:15:01]} {[%emt 00:01:30]} 35. Rf1 {[%clk 00:08:48]} {[%emt 00:05:24]}
b3 {[%clk 00:09:25]} {[%emt 00:06:05]} 36. Qxd6 {[%clk 00:09:05]} {[%emt
00:00:13]} Re8 {[%clk 00:09:35]} {[%emt 00:00:19]} 37. Qxc5 {[%clk 00:08:35]}
{[%emt 00:01:01]} Qg5+ {[%clk 00:08:00]} {[%emt 00:02:04]} 38. Kh1 {[%clk
00:08:20]} {[%emt 00:00:46]} b2 {[%clk 00:03:55]} {[%emt 00:04:35]} 39. Qb5
{[%clk 00:03:39]} {[%emt 00:05:11]} Qc1 {[%clk 00:03:50]} {[%emt 00:00:35]}
1/2-1/2

[Event "European Women's Chess Club Cup 2023"]
[Site "Durres, Albania"]
[Date "2023.10.05"]
[Round "5.28"]
[White "Janzelj, Lara"]
[Black "Toma, Katarzyna"]
[Result "1-0"]
[TimeControl "90' + 30' & 30\""]
[WhiteElo "2143"]
[BlackElo "2224"]

1. d4 {[%clk 01:30:56]} {[%emt 00:00:02]} Nf6 {[%clk 01:30:54]} {[%emt
00:00:07]} 2. c4 {[%clk 01:31:19]} {[%emt 00:00:07]} e6 {[%clk 01:31:03]}
{[%emt 00:00:21]} 3. g3 {[%clk 01:30:59]} {[%emt 00:00:50]} d5 {[%clk
01:30:40]} {[%emt 00:00:53]} 4. Bg2 {[%clk 01:30:57]} {[%emt 00:00:32]} c6
{[%clk 01:29:47]} {[%emt 00:01:23]} 5. Qc2 {[%clk 01:30:42]} {[%emt 00:00:45]}
a5 {[%clk 01:25:42]} {[%emt 00:04:34]} 6. Nf3 {[%clk 01:27:48]} {[%emt
00:03:25]} Nbd7 {[%clk 01:22:13]} {[%emt 00:03:59]} 7. O-O {[%clk 01:27:29]}
{[%emt 00:00:48]} Be7 {[%clk 01:19:01]} {[%emt 00:03:42]} 8. Rd1 {[%clk
01:23:52]} {[%emt 00:04:07]} O-O {[%clk 01:19:08]} {[%emt 00:00:23]} 9. Nbd2
{[%clk 01:17:42]} {[%emt 00:06:41]} b5 {[%clk 01:10:48]} {[%emt 00:08:50]} 10.
b3 {[%clk 01:16:34]} {[%emt 00:01:37]} Ba6 {[%clk 00:56:06]} {[%emt 00:15:13]}
11. a4 {[%clk 00:56:34]} {[%emt 00:20:30]} bxc4 {[%clk 00:54:42]} {[%emt
00:01:54]} 12. bxc4 {[%clk 00:56:55]} {[%emt 00:00:08]} c5 {[%clk 00:46:48]}
{[%emt 00:08:25]} 13. e4 {[%clk 00:51:53]} {[%emt 00:05:32]} cxd4 {[%clk
00:33:56]} {[%emt 00:13:22]} 14. Nxd4 {[%clk 00:49:54]} {[%emt 00:02:29]} Rc8
{[%clk 00:33:46]} {[%emt 00:00:40]} 15. exd5 {[%clk 00:42:29]} {[%emt
00:07:55]} Nxd5 {[%clk 00:32:54]} {[%emt 00:01:22]} 16. Ba3 {[%clk 00:32:32]}
{[%emt 00:10:27]} Bxa3 {[%clk 00:28:43]} {[%emt 00:04:40]} 17. Rxa3 {[%clk
00:32:57]} {[%emt 00:00:05]} Nb4 {[%clk 00:27:29]} {[%emt 00:01:45]} 18. Qc1
{[%clk 00:27:51]} {[%emt 00:05:35]} Ne5 {[%clk 00:25:04]} {[%emt 00:02:56]} 19.
Nb5 {[%clk 00:27:14]} {[%emt 00:01:07]} Nxc4 {[%clk 00:22:38]} {[%emt
00:02:56]} 20. Nxc4 {[%clk 00:27:02]} {[%emt 00:00:42]} Rxc4 {[%clk 00:23:03]}
{[%emt 00:00:05]} 21. Qb1 {[%clk 00:26:45]} {[%emt 00:00:47]} Qb6 {[%clk
00:18:22]} {[%emt 00:05:10]} 22. Be4 {[%clk 00:23:36]} {[%emt 00:03:40]} f5
{[%clk 00:17:02]} {[%emt 00:01:50]} 23. Bg2 {[%clk 00:22:44]} {[%emt 00:01:22]}
f4 {[%clk 00:09:31]} {[%emt 00:08:01]} 24. Rf3 {[%clk 00:15:42]} {[%emt
00:07:32]} Bb7 {[%clk 00:08:15]} {[%emt 00:01:45]} 25. Nd6 {[%clk 00:16:05]}
{[%emt 00:00:07]} Bxf3 {[%clk 00:06:59]} {[%emt 00:01:47]} 26. Nxc4 {[%clk
00:16:16]} {[%emt 00:00:19]} Qc5 {[%clk 00:07:06]} {[%emt 00:00:23]} 27. Bxf3
{[%clk 00:15:25]} {[%emt 00:01:21]} fxg3 {[%clk 00:05:59]} {[%emt 00:01:38]} 28.
hxg3 {[%clk 00:15:35]} {[%emt 00:00:20]} Rxf3 {[%clk 00:04:42]} {[%emt
00:01:45]} 29. Rd8+ {[%clk 00:12:14]} {[%emt 00:03:51]} Rf8 {[%clk 00:05:03]}
{[%emt 00:00:09]} 30. Rxf8+ {[%clk 00:12:33]} {[%emt 00:00:11]} Kxf8 {[%clk
00:05:09]} {[%emt 00:00:24]} 31. Qe4 {[%clk 00:12:24]} {[%emt 00:00:39]} Qd5
{[%clk 00:01:48]} {[%emt 00:03:51]} 32. Qf4+ {[%clk 00:12:17]} {[%emt
00:00:36]} 1-0